000 01322nam a22003497a 4500
003 CHAP
005 20220329134756.0
008 971013s1957 mx r 00010 spa d
010 _a25711
011 _a26683
035 _a30784
040 _cCHAP
082 0 4 _a338.98016
_bB85
100 0 0 _aBullejos, José.
_916035
245 1 _aBibliografía sobre desarrollo económico de los países subdesarrollados ; América Latina y México (1940-55)
260 _aMéxico, D. F. :
_bDepartamento de Estudios Económicos,
_c1957
300 _a59 p.
490 _aBibliografías especiales
_v; 2
590 _aBATCH-UPD
_b10
_c20130110
_lUCH01
_h2140
590 _aBATCH-UPD
_b10
_c20130410
_lUCH01
_h1449
590 _aBATCH-UPD
_b10
_c20130914
_lUCH01
_h0615
590 _aBATCH-UPD
_b10
_c20130914
_lUCH01
_h2115
590 _aCONVERSION
_b10
_c20130109
_lUCH01
_h1315
650 1 4 _aAmerica Latina
_xCondiciones economicos
_xBibliografia.
_95392
650 1 4 _aDesarrollo económico
_xBibliografía.
_932050
650 1 4 _aMéxico
_xCondiciones económicas
_xBibliografía.
_976724
830 0 _aBibliografías especiales
_v; 2
_912208
901 _aBK
942 _cLIBRO
949 _a338.98016 B85
_bBC
_cLIBRO
_d33724000482345
_eLIBRO
_fc.2
_h8921
_i30784
_si
949 _a338.98016 B85
_bBC
_cLIBRO
_d33724000482394
_eLIBRO
_h8921
_i30784
_si
999 _c25711
_d25711